| 000 | 00895cam a22002655a 4500 | ||
|---|---|---|---|
| 001 | 17681419 | ||
| 005 | 20160908132738.0 | ||
| 008 | 130402t2013 enka frb 001 0 eng d | ||
| 020 | _a9781447150305 | ||
| 040 |
_aDLC _cDLC _dDLC _dEG-ScBUE _beng |
||
| 082 | 0 | 4 |
_222 _a005.1 _bSOF |
| 245 | 0 | 0 |
_aSoftware engineering frameworks for the cloud computing paradigm / _ceditors Zaigham Mahmood, Saqib Saeed. |
| 260 |
_aLondon : _bSpringer-Verlag, _cc.2013. |
||
| 300 |
_axviii, 365 p. : _bill. ; _c24 cm. |
||
| 490 | 0 | _aComputer communications and networks. | |
| 500 | _aIndex : p. 359-365. | ||
| 504 | _aIncludes bibliographical references. | ||
| 650 | 7 |
_2BUEsh _93832 _aSoftware engineering. |
|
| 650 | 7 |
_aCloud computing. _937309 _2BUEsh |
|
| 651 | _2BUEsh | ||
| 653 |
_bCOMSCI _cSeptember2016 |
||
| 700 | 1 |
_tMahmood, Zaigham, _941085 _eeditor. |
|
| 700 | 1 |
_aSaeed, Saqib _eeditor. |
|
| 942 | _2ddc | ||
| 999 |
_c22351 _d22323 |
||